[Event "Olympiad-39"]
[Site "Khanty-Mansiysk"]
[Date "2010.09.28"]
[Round "7.3"]
[White "Kawuma, Steven Male"]
[Black "Asabri, Hussien"]
[Result "0-1"]
[WhiteElo "2203"]
[BlackElo "2180"]
[PlyCount "118"]
[EventDate "2010.09.21"]
[EventType "team-swiss"]
[EventRounds "11"]
[EventCountry "RUS"]
[SourceTitle "CBM 139"]
[Source "ChessBase"]
[SourceDate "2010.11.18"]
[SourceVersion "1"]
[SourceVersionDate "2010.11.18"]
[SourceQuality "1"]
[WhiteTeam "Uganda"]
[BlackTeam "Libya"]
[WhiteTeamCountry "UGA"]
[BlackTeamCountry "LBY"]

1. e4 e5 2. Nf3 Nc6 3. Bc4 Nf6 4. d3 Bc5 5. c3 d6 6. 0-0 a6 7. Bb3 Ba7 8. Be3 0-0 9. Nbd2 h6 10. Bxa7 Rxa7 11. Re1 Nh5 12. Nf1 Nf4 13. Ne3 Qf6 14. Nd5 Nxd5 15. Bxd5 Ne7 16. Bb3 Ng6 17. Re3 Bg4 18. h3 Be6 19. Nh2 Bxb3 20. axb3 Raa8 21. Rg3 Kh7 22. d4 Rae8 23. d5 Qf4 24. Rf3 Qg5 25. Rg3 Qf4 26. Rg4 Qf6 27. Qc2 Nf4 28. Rg3 g6 29. Ng4 Qe7 30. Ne3 h5 31. Kh2 Qd7 32. c4 c6 33. dxc6 Qxc6 34. Rd1 Qc7 35. Rf3 f6 36. g3 Ne6 37. Nd5 Qg7 38. Rfd3 Nc5 39. R3d2 Ne6 40. Kg2 h4 41. Ne3 hxg3 42. fxg3 Qh6 43. Ng4 Qg5 44. Rxd6 f5 45. exf5 gxf5 46. Kh2 e4 47. Rd7+ Kg8 48. R1d5 Qg6 49. Ne5 Qh6 50. R5d6 Qg5 51. h4 Qh5 52. c5 f4 53. Qxe4 fxg3+ 54. Kxg3 Nf4 55. Qc4+ Kh8 56. Rf7 Rg8+ 57. Ng6+ Nxg6 58. Kf2 Ne5 59. Qf4 Qxf7 0-1

[Event "Gibraltar Masters 8th"]
[Site "Caleta"]
[Date "2010.02.03"]
[Round "9"]
[White "Kawuma, Steven Male"]
[Black "Zozulia, Anna"]
[Result "1-0"]
[WhiteElo "2187"]
[BlackElo "2321"]
[PlyCount "179"]
[EventDate "2010.01.26"]
[EventType "swiss"]
[EventRounds "10"]
[EventCountry "GGB"]
[SourceTitle "CBM 134 Extra"]
[Source "ChessBase"]
[SourceDate "2010.03.03"]
[SourceVersion "1"]
[SourceVersionDate "2010.03.03"]
[SourceQuality "1"]

1. e4 c5 2. Nf3 Nc6 3. d4 cxd4 4. Nxd4 Qb6 5. Nb3 Nf6 6. Nc3 e6 7. Bd3 a6 8. 0-0 Qc7 9. f4 d6 10. a3 b5 11. Be3 h5 12. h3 Rb8 13. Nd4 Bb7 14. Nf3 Be7 15. Qe1 Nd7 16. Qg3 g6 17. Ng5 Rg8 18. Kh2 Qd8 19. h4 Nf6 20. Kh1 Ng4 21. Bg1 Qd7 22. Rad1 f6 23. Nf3 Nd8 24. Be2 Nf7 25. Nd4 Kf8 26. Bxg4 hxg4 27. f5 gxf5 28. exf5 e5 29. Ne6+ Ke8 30. Be3 d5 31. Nxd5 Bxd5 32. Rxd5 Qb7 33. Rfd1 Nd8 34. Nxd8 Rxd8 35. Rxd8+ Bxd8 36. Bc5 Qe4 37. Qb3 Qc4 38. Qxc4 bxc4 39. g3 Be7 40. Rd5 Rg7 41. Kg2 Bxc5 42. Rxc5 Rb7 43. Rxc4 Rxb2 44. Kf2 Kd7 45. Ke2 Ra2 46. a4 Kd6 47. Kd2 Kd5 48. Rxg4 e4 49. h5 Rxa4 50. Rh4 Rc4 51. h6 Rc8 52. h7 Rh8 53. Ke3 a5 54. c4+ Kxc4 55. Rxe4+ Kb3 56. Re7 a4 57. Rf7 a3 58. Rxf6 Rxh7 59. Rb6+ Kc2 60. Ra6 Kb2 61. Kf4 a2 62. g4 Rh1 63. f6 a1Q 64. Rxa1 Rxa1 65. g5 Kc3 66. g6 Kd4 67. g7 Rf1+ 68. Kg5 Ke5 69. f7 Rf5+ 70. Kg4 Rf4+ 71. Kg3 Rxf7 72. g8Q Rb7 73. Qe8+ Kd6 74. Kf4 Rb4+ 75. Kf5 Rb7 76. Qe5+ Kc6 77. Ke6 Rb6 78. Qc3+ Kb7+ 79. Kd7 Ka7 80. Qa3+ Kb7 81. Qa5 Ra6 82. Qd5+ Kb6 83. Qc4 Ra7+ 84. Kd6 Rb7 85. Qa4 Rb8 86. Qb4+ Ka7 87. Qa5+ Kb7 88. Kd7 Rh8 89. Qd5+ Ka6 90. Qa2+ 1-0

[Event "Gibraltar Challengers-B 8th"]
[Site "Caleta"]
[Date "2010.02.02"]
[Round "3"]
[White "Jayakumar, Adarsh"]
[Black "Kawuma, Steven Male"]
[Result "0-1"]
[WhiteElo "2090"]
[BlackElo "2187"]
[PlyCount "100"]
[EventDate "2010.01.31"]
[EventType "swiss"]
[EventRounds "5"]
[EventCountry "GGB"]
[SourceTitle "EXT 2011"]
[Source "ChessBase"]
[SourceDate "2010.11.26"]
[SourceVersion "1"]
[SourceVersionDate "2010.11.26"]
[SourceQuality "1"]

1. d4 Nf6 2. c4 d6 3. Nc3 g6 4. e4 Bg7 5. f3 0-0 6. Be3 Nc6 7. Nge2 a6 8. Qd2 Rb8 9. Nc1 e5 10. d5 Nd4 11. Nb3 Nxb3 12. axb3 c5 13. dxc6 bxc6 14. Ra3 Bb7 15. b4 Ne8 16. Be2 Nc7 17. 0-0 Ne6 18. Rd1 Nd4 19. c5 Qe7 20. cxd6 Qxd6 21. Na4 Bc8 22. Bxd4 Qxd4+ 23. Qxd4 exd4 24. Nc5 Rxb4 25. Rd2 Rd8 26. Nxa6 Bxa6 27. Rxa6 Bh6 28. Rd1 c5 29. Rc6 Be3+ 30. Kh1 Rxb2 31. Bd3 Ra8 32. Rxc5 Rd2 33. Rcc1 Rxd3 34. Rxd3 Bxc1 35. Rxd4 Bb2 36. Rd1 Ra1 37. Rxa1 Bxa1 38. g3 Kg7 39. Kg2 Kf6 40. f4 Ke6 41. Kf3 Bd4 42. g4 Kd6 43. h3 Bg7 44. g5 Bb2 45. Kg4 Kc5 46. f5 Kd6 47. fxg6 fxg6 48. h4 Ke5 49. Kf3 Bd4 50. h5 Bc5 0-1

[Event "Gibraltar Challengers-A 8th"]
[Site "Caleta"]
[Date "2010.01.27"]
[Round "2"]
[White "Kawuma, Steven Male"]
[Black "Hamer, Martyn"]
[Result "1-0"]
[WhiteElo "2187"]
[BlackElo "2039"]
[PlyCount "87"]
[EventDate "2010.01.26"]
[EventType "swiss"]
[EventRounds "5"]
[EventCountry "GGB"]
[SourceTitle "CBM 134 Extra"]
[Source "ChessBase"]
[SourceDate "2010.03.03"]
[SourceVersion "1"]
[SourceVersionDate "2010.03.03"]
[SourceQuality "1"]

1. e4 e5 2. Nf3 Nf6 3. Nxe5 d6 4. Nf3 Nxe4 5. Nc3 Nxc3 6. dxc3 Be7 7. Be3 Nc6 8. Qd2 Ne5 9. 0-0-0 Nxf3 10. gxf3 Be6 11. Rg1 Bf6 12. Kb1 a6 13. Bd4 Bxd4 14. Qxd4 Qf6 15. Rxg7 Qxd4 16. cxd4 Kf8 17. Rg3 Bf5 18. Kc1 Re8 19. Rg5 Bg6 20. Kd2 f6 21. Rg3 Rg8 22. Bc4 Rg7 23. c3 Ree7 24. Rdg1 Bf5 25. a3 Bd7 26. Bd3 Bc8 27. h4 f5 28. f4 Rxg3 29. fxg3 h5 30. Be2 Rh7 31. Bf3 b6 32. c4 c5 33. dxc5 bxc5 34. b4 cxb4 35. axb4 Kf7 36. Kd3 Kf6 37. Kd4 Bb7 38. Bd5 Bc8 39. b5 axb5 40. cxb5 Bb7 41. b6 Rd7 42. Ra1 Bxd5 43. Kxd5 Rg7 44. Ra3 1-0

[Event "Gibraltar Masters 8th"]
[Site "Caleta"]
[Date "2010.01.26"]
[Round "1"]
[White "Kawuma, Steven Male"]
[Black "Bellon Lopez, Juan Manuel"]
[Result "0-1"]
[WhiteElo "2187"]
[BlackElo "2440"]
[PlyCount "52"]
[EventDate "2010.01.26"]
[EventType "swiss"]
[EventRounds "10"]
[EventCountry "GGB"]
[SourceTitle "CBM 134 Extra"]
[Source "ChessBase"]
[SourceDate "2010.03.03"]
[SourceVersion "1"]
[SourceVersionDate "2010.03.03"]
[SourceQuality "1"]

1. e4 c5 2. Nf3 e6 3. d4 cxd4 4. Nxd4 Nc6 5. Nc3 Qc7 6. Be3 Nf6 7. Bd3 a6 8. Nb3 b5 9. a3 Ne5 10. f4 Nc4 11. Bxc4 bxc4 12. Nd4 Bb7 13. Qf3 Be7 14. g4 Nxe4 15. Nxe4 f5 16. gxf5 exf5 17. Nxf5 Qa5+ 18. Kd1 Qxf5 19. Nd6+ Bxd6 20. Qxb7 Rb8 21. Qxa6 Qd5+ 22. Ke2 Qg2+ 23. Bf2 Qe4+ 24. Be3 Bc5 25. Rae1 Bxe3 26. b4 0-0 0-1

[Event "BCF-chT2a 0910 (4NCL)"]
[Site "England"]
[Date "2009.10.25"]
[Round "2.4"]
[White "Kawuma, Steven Male"]
[Black "Spivack, Simon"]
[Result "0-1"]
[WhiteElo "2187"]
[BlackElo "2176"]
[PlyCount "110"]
[EventDate "2009.10.24"]
[EventType "team-tourn"]
[EventRounds "7"]
[EventCountry "ENG"]
[SourceTitle "EXT 2010"]
[Source "ChessBase"]
[SourceDate "2010.11.25"]
[SourceVersion "1"]
[SourceVersionDate "2010.11.25"]
[SourceQuality "1"]
[WhiteTeam "Wessex"]
[BlackTeam "Kings Head"]
[WhiteTeamCountry "ENG"]
[BlackTeamCountry "ENG"]

1. e4 e5 2. Nf3 Nc6 3. Bb5 a6 4. Ba4 Nf6 5. d3 d6 6. c3 b5 7. Bc2 Be7 8. Nbd2 0-0 9. Nf1 d5 10. Qe2 Re8 11. h3 a5 12. g4 d4 13. Ng3 a4 14. a3 Nd7 15. Nf5 Nc5 16. Bd2 Bf8 17. cxd4 Nxd4 18. N5xd4 exd4 19. Bb4 Ra6 20. Rg1 Ne6 21. Bxf8 Rxf8 22. Qd2 Qf6 23. Rg3 c5 24. g5 Qe7 25. Kf1 Rd8 26. h4 c4 27. h5 Qc5 28. Kg2 Qc7 29. Kf1 Nc5 30. Rd1 Be6 31. Kg2 cxd3 32. Bxd3 Bc4 33. Bb1 d3 34. Qe3 Ne6 35. Rg4 Rad6 36. Nd2 Qd7 37. Rg3 Nd4 38. f3 f5 39. gxf6 Rxf6 40. Bxd3 Be6 41. Qg5 Kh8 42. Nb1 Bb3 43. Bxb5 Qf7 44. Rd2 h6 45. Qh4 Rfd6 46. e5 Rd5 47. Bd3 Ne6 48. Rg4 Rxd3 49. Rf2 R8d4 50. Nc3 Nf4+ 51. Kg3 Nxh5+ 52. Kg2 Nf4+ 53. Kg3 Ng6 54. Rxd4 Nxh4 55. Rxd3 Qg6+ 0-1

[Event "Olympiad-38"]
[Site "Dresden"]
[Date "2008.11.25"]
[Round "11"]
[White "Kawuma, Steven Male"]
[Black "Guller, Andras"]
[Result "1-0"]
[WhiteElo "2156"]
[BlackElo "2117"]
[PlyCount "81"]
[EventDate "2008.11.13"]
[EventType "team-swiss"]
[EventRounds "11"]
[EventCountry "GER"]
[SourceTitle "CBM 128"]
[Source "ChessBase"]
[SourceDate "2009.01.28"]
[SourceVersion "1"]
[SourceVersionDate "2009.01.28"]
[SourceQuality "1"]
[WhiteTeam "Uganda"]
[BlackTeam "Liechtenstein"]
[WhiteTeamCountry "UGA"]
[BlackTeamCountry "LIE"]

1. Nf3 d5 2. d3 Nf6 3. Nbd2 c6 4. e4 dxe4 5. dxe4 g6 6. g3 Bg7 7. Bg2 Nbd7 8. 0-0 0-0 9. e5 Ng4 10. e6 fxe6 11. Qe2 Ndf6 12. Nc4 e5 13. Ncxe5 Nxe5 14. Nxe5 Bf5 15. g4 Bc8 16. Rd1 Qa5 17. c4 Qc5 18. h3 Kh8 19. Bd2 Be6 20. Nxg6+ hxg6 21. Qxe6 Nxg4 22. Qxg4 Qxf2+ 23. Kh1 Bxb2 24. Rab1 Bg7 25. Qxg6 Qh4 26. Qg4 Qxg4 27. hxg4 Rf2 28. a3 Raf8 29. Be3 Rc2 30. Rdc1 Ra2 31. Rxb7 Rxa3 32. Rxe7 Bf6 33. Re6 Kg7 34. Rxf6 Rh8+ 35. Rh6 Rxh6+ 36. Bxh6+ Kxh6 37. Bxc6 Kg5 38. c5 Kxg4 39. Bg2 Re3 40. c6 Re8 41. c7 1-0

[Event "Olympiad-38"]
[Site "Dresden"]
[Date "2008.11.17"]
[Round "5"]
[White "Kawuma, Steven Male"]
[Black "Savva, Panikos"]
[Result "0-1"]
[WhiteElo "2156"]
[BlackElo "2093"]
[PlyCount "60"]
[EventDate "2008.11.13"]
[EventType "team-swiss"]
[EventRounds "11"]
[EventCountry "GER"]
[SourceTitle "CBM 128"]
[Source "ChessBase"]
[SourceDate "2009.01.28"]
[SourceVersion "1"]
[SourceVersionDate "2009.01.28"]
[SourceQuality "1"]
[WhiteTeam "Uganda"]
[BlackTeam "Cyprus"]
[WhiteTeamCountry "UGA"]
[BlackTeamCountry "CYP"]

1. e4 c5 2. Nf3 e6 3. d4 cxd4 4. Nxd4 Nc6 5. Be3 Nf6 6. Nc3 Bb4 7. Bd3 d5 8. Nxc6 bxc6 9. e5 d4 10. Bd2 dxc3 11. bxc3 Ba5 12. exf6 Qxf6 13. 0-0 Bxc3 14. Bxc3 Qxc3 15. Qh5 h6 16. Rae1 0-0 17. Re3 Qf6 18. h4 e5 19. Rfe1 Qf4 20. Qxe5 Qxe5 21. Rxe5 Be6 22. Ra5 Rfd8 23. Rb1 g6 24. f3 h5 25. Kf2 Rd5 26. Rxd5 Bxd5 27. c4 Be6 28. Ke3 Re8 29. Kd4 Rd8+ 30. Kc3 Rxd3+ 0-1

[Event "Olympiad-38"]
[Site "Dresden"]
[Date "2008.11.16"]
[Round "4"]
[White "Kawuma, Steven Male"]
[Black "Jones, Rupert William"]
[Result "1-0"]
[WhiteElo "2156"]
[BlackElo "1966"]
[PlyCount "53"]
[EventDate "2008.11.13"]
[EventType "team-swiss"]
[EventRounds "11"]
[EventCountry "GER"]
[SourceTitle "CBM 128"]
[Source "ChessBase"]
[SourceDate "2009.01.28"]
[SourceVersion "1"]
[SourceVersionDate "2009.01.28"]
[SourceQuality "1"]
[WhiteTeam "Uganda"]
[BlackTeam "Papua New Guinea"]
[WhiteTeamCountry "UGA"]
[BlackTeamCountry "PNG"]

1. e4 d5 2. exd5 Nf6 3. d4 Bg4 4. f3 Bc8 5. Bb5+ Nbd7 6. c4 a6 7. Bxd7+ Bxd7 8. Ne2 g6 9. 0-0 b5 10. b3 Bg7 11. Nbc3 0-0 12. Be3 Re8 13. Qd2 e6 14. dxe6 Rxe6 15. d5 Re7 16. Rae1 b4 17. Nd1 a5 18. Nd4 Qc8 19. Nf2 Qb7 20. Nd3 Rae8 21. Nc5 Qa7 22. Nxd7 Rxd7 23. Ne6 Qa8 24. Nxg7 Kxg7 25. Bh6+ Kg8 26. Qd4 Qa6 27. Qxf6 1-0

[Event "Gibraltar Challengers"]
[Site "Gibraltar"]
[Date "2008.01.24"]
[Round "3"]
[White "Reichard, Sigge"]
[Black "Kawuma, Steven Male"]
[Result "0-1"]
[WhiteElo "1967"]
[BlackElo "2166"]
[PlyCount "86"]
[EventDate "2008.01.22"]
[EventType "swiss"]
[EventRounds "5"]
[EventCountry "ENG"]
[SourceTitle "CBM 122 Extra"]
[Source "ChessBase"]
[SourceDate "2008.03.04"]
[SourceVersion "1"]
[SourceVersionDate "2008.03.04"]
[SourceQuality "1"]

1. e4 c5 2. Nf3 Nc6 3. d4 cxd4 4. Nxd4 Nf6 5. Nc3 e5 6. Ndb5 d6 7. Bg5 a6 8. Na3 b5 9. Nd5 Be7 10. Bxf6 Bxf6 11. c3 0-0 12. Nc2 Rb8 13. Ncb4 Nxb4 14. Nxb4 Bb7 15. Nd5 Bg5 16. Be2 Kh8 17. 0-0 Bc6 18. Qd3 a5 19. b4 a4 20. Rfd1 g6 21. Bf3 Qd7 22. a3 f5 23. Ra2 Bd8 24. Rc2 Rc8 25. Ne3 Be7 26. Nd5 Bd8 27. c4 bxc4 28. Qxc4 Bb7 29. Qa2 Bxd5 30. Rxd5 fxe4 31. Bxe4 Bb6 32. Rdd2 Bd4 33. g3 Qg4 34. Bg2 Qf5 35. Re2 Qd3 36. Bf1 Qb3 37. Bg2 Rc3 38. Qxb3 axb3 39. Rb2 Rc1+ 40. Bf1 Bxb2 41. Rxb2 Rc3 42. a4 Ra8 43. a5 d5 0-1

[Event "Gibraltar Challengers"]
[Site "Gibraltar"]
[Date "2008.01.22"]
[Round "1"]
[White "Lovik, Lasse Ostebo"]
[Black "Kawuma, Steven Male"]
[Result "1-0"]
[WhiteElo "2052"]
[BlackElo "2166"]
[PlyCount "111"]
[EventDate "2008.01.22"]
[EventType "swiss"]
[EventRounds "5"]
[EventCountry "ENG"]
[SourceTitle "CBM 122 Extra"]
[Source "ChessBase"]
[SourceDate "2008.03.04"]
[SourceVersion "1"]
[SourceVersionDate "2008.03.04"]
[SourceQuality "1"]

1. e4 c5 2. Nf3 Nc6 3. d4 cxd4 4. Nxd4 Nf6 5. Nc3 e5 6. Ndb5 d6 7. Bg5 a6 8. Na3 b5 9. Bxf6 gxf6 10. Nd5 f5 11. c3 Bg7 12. Bd3 Be6 13. Nxb5 axb5 14. Bxb5 Bd7 15. exf5 0-0 16. 0-0 Re8 17. Qg4 Kh8 18. Qh5 Rb8 19. a4 e4 20. f3 e3 21. f6 Re5 22. Qxf7 Bh6 23. Bd3 Bf5 24. Bxf5 Rxf5 25. f4 Qe8 26. Qxe8+ Rxe8 27. Nc7 Rc8 28. g4 e2 29. Rf2 Rxf4 30. Rxf4 Bxf4 31. Ne6 Be3+ 32. Kg2 Kg8 33. Re1 Kf7 34. Rxe2 Kxe6 35. g5 Ne5 36. Rxe3 Kf5 37. h4 Rc4 38. a5 Rxh4 39. a6 Ke6 40. b4 Rg4+ 41. Rg3 Rc4 42. a7 Rc8 43. Rh3 Nc6 44. Rxh7 Ra8 45. f7 Nxa7 46. f8Q Rxf8 47. Rxa7 Rg8 48. Ra5 d5 49. Ra6+ Ke5 50. g6 Ke4 51. Rc6 Rg7 52. Kg3 Kf5 53. b5 Ke5 54. Kg4 Rb7 55. b6 Rg7 56. Kg5 1-0

[Event "Africa-ch"]
[Site "Windhoek"]
[Date "2007.09.09"]
[Round "9"]
[White "Kawuma, Steven Male"]
[Black "Alice, Mateus Felizardo Vi"]
[Result "1-0"]
[WhiteElo "2144"]
[BlackElo "2255"]
[PlyCount "140"]
[EventDate "2007.09.01"]
[EventType "swiss"]
[EventRounds "9"]
[EventCountry "NAM"]
[SourceTitle "CBM 120 Extra"]
[Source "ChessBase"]
[SourceDate "2007.11.01"]
[SourceVersion "1"]
[SourceVersionDate "2007.11.01"]
[SourceQuality "1"]

1. Nf3 Nf6 2. g3 g6 3. Bg2 Bg7 4. 0-0 0-0 5. d3 d5 6. Nbd2 c5 7. e4 Nc6 8. Re1 dxe4 9. dxe4 Qc7 10. c3 Rd8 11. Qc2 b6 12. Bf1 h6 13. a4 Bg4 14. h3 Be6 15. Nc4 Nh5 16. Ne3 Na5 17. c4 Nc6 18. Nd5 Qb7 19. Bd2 Nd4 20. Nxd4 cxd4 21. Bb4 Re8 22. Bg2 Qd7 23. Kh2 Rac8 24. Qd3 Bxd5 25. exd5 a5 26. Bd2 Qc7 27. Rec1 Nf6 28. b4 axb4 29. Bxb4 Nd7 30. a5 Ne5 31. Qb3 bxa5 32. Bxa5 Rb8 33. Qa3 Qc8 34. c5 Qf5 35. f4 Nd3 36. Rf1 Rb2 37. Rf3 Qxd5 38. Qxd3 Qxc5 39. Bd2 Reb8 40. Rc1 Qd5 41. Rf2 Qa2 42. Rcf1 e6 43. Be1 R8b3 44. Qc4 d3 45. Rxb2 Qxb2 46. Rf2 Qb1 47. Bd2 Ra3 48. Bf1 Qc2 49. Qxc2 dxc2 50. Bc1 Rc3 51. Bb5 e5 52. Ba4 exf4 53. gxf4 g5 54. Rxc2 Rxc2+ 55. Bxc2 gxf4 56. Bxf4 Kh8 57. Kg3 Kg8 58. Bb3 Bf8 59. Kg4 Bg7 60. Kf5 Kf8 61. Ke4 Ke7 62. Kf5 Kf8 63. Bd6+ Kg8 64. Be7 Bf8 65. Bh4 Bg7 66. Ke4 Bb2 67. Kd5 Kg7 68. Kd6 Bc3 69. Ke7 f5 70. Bc2 f4 1-0

[Event "Africa-ch"]
[Site "Windhoek"]
[Date "2007.09.02"]
[Round "2"]
[White "Kawuma, Steven Male"]
[Black "Simutowe, Amon"]
[Result "0-1"]
[WhiteElo "2144"]
[BlackElo "2421"]
[PlyCount "100"]
[EventDate "2007.09.01"]
[EventType "swiss"]
[EventRounds "9"]
[EventCountry "NAM"]
[SourceTitle "CBM 120 Extra"]
[Source "ChessBase"]
[SourceDate "2007.11.01"]
[SourceVersion "1"]
[SourceVersionDate "2007.11.01"]
[SourceQuality "1"]

1. e4 c6 2. d4 d5 3. exd5 cxd5 4. c4 Nf6 5. Nc3 e6 6. Nf3 Bb4 7. Bd3 dxc4 8. Bxc4 0-0 9. 0-0 a6 10. Bf4 b5 11. Be2 Nc6 12. a4 bxa4 13. Qxa4 Bb7 14. Bg5 a5 15. Rfd1 Ne7 16. Ne5 Ne4 17. Nxe4 Bxe4 18. Bf3 Bxf3 19. Nxf3 Qd5 20. Bxe7 Bxe7 21. Ne5 Rfc8 22. Rdc1 g6 23. h3 Kg7 24. Nc6 Bd6 25. Rc3 Rc7 26. Rac1 Rb7 27. b3 Rb4 28. Qa2 Rb6 29. Qc2 Raa6 30. g3 h5 31. h4 Ba3 32. Ra1 Bb4 33. Nxb4 axb4 34. Rxa6 Rxa6 35. Rd3 Ra1+ 36. Rd1 Ra3 37. Rb1 Qxd4 38. Qc4 Qd2 39. Qe4 Ra2 40. Qe5+ Kg8 41. Qf6 e5 42. Rf1 e4 43. Qg5 Qe2 44. Qf4 Rb2 45. Rc1 Qf3 46. Rc8+ Kh7 47. Rh8+ Kxh8 48. Qe5+ Kg8 49. Qxb2 e3 50. Kf1 Qd1+ 0-1

[Event "Olympiad-37"]
[Site "Turin"]
[Date "2006.05.30"]
[Round "9"]
[White "Nanjo, Ryosuke"]
[Black "Kawuma, Steven Male"]
[Result "1-0"]
[WhiteElo "2182"]
[BlackElo "2157"]
[PlyCount "106"]
[EventDate "2006.05.21"]
[EventType "team-swiss"]
[EventRounds "13"]
[EventCountry "ITA"]
[SourceTitle "CBM 113"]
[Source "ChessBase"]
[SourceDate "2006.07.31"]
[SourceVersion "1"]
[SourceVersionDate "2006.07.31"]
[SourceQuality "1"]
[WhiteTeam "Japan"]
[BlackTeam "Uganda"]
[WhiteTeamCountry "JPN"]
[BlackTeamCountry "UGA"]

1. d4 Nf6 2. c4 c5 3. d5 e5 4. Nc3 d6 5. e4 Be7 6. g3 0-0 7. Bg2 a6 8. a4 Ne8 9. Nge2 Nd7 10. 0-0 g6 11. f4 exf4 12. gxf4 Ng7 13. Ng3 f5 14. b3 Bf6 15. Bb2 Bd4+ 16. Kh1 Nf6 17. Nge2 Ng4 18. Nxd4 Ne3 19. Qd3 cxd4 20. Qxd4 Nc2 21. Qd2 Nxa1 22. Bxa1 fxe4 23. Nxe4 b6 24. Qd4 Ra7 25. a5 Rb7 26. axb6 Qxb6 27. c5 dxc5 28. Nxc5 Ra7 29. d6 h6 30. Rd1 Bg4 31. d7 Rxd7 32. Nxd7 Qxd4 33. Rxd4 Rc8 34. Bd5+ Be6 35. Bxe6+ Nxe6 36. Nf6+ Kf8 37. Rc4 Rxc4 38. bxc4 Nxf4 39. Be5 Nd3 40. Bg3 Ke7 41. Nd5+ Kd7 42. Kg2 a5 43. Kf3 Nb2 44. Ne3 a4 45. Ke4 Kc6 46. Be5 a3 47. Kd4 g5 48. Nc2 h5 49. Nxa3 Nd1 50. Nc2 Nf2 51. Nb4+ Kd7 52. c5 Ng4 53. c6+ Kc8 1-0

[Event "Olympiad-36"]
[Site "Mallorca"]
[Date "2004.10.28"]
[Round "13"]
[White "Krylov, Sergey"]
[Black "Kawuma, Steven Male"]
[Result "1/2-1/2"]
[WhiteElo "2407"]
[BlackElo "2141"]
[PlyCount "108"]
[EventDate "2004.10.15"]
[EventType "team-swiss"]
[EventRounds "14"]
[EventCountry "ESP"]
[SourceTitle "CBM 104"]
[Source "ChessBase"]
[SourceDate "2005.01.27"]
[SourceVersion "1"]
[SourceVersionDate "2005.01.27"]
[SourceQuality "1"]
[WhiteTeam "IBCA"]
[BlackTeam "Uganda"]
[BlackTeamCountry "UGA"]

1. e4 c5 2. Nf3 Nc6 3. d4 cxd4 4. Nxd4 Nf6 5. Nc3 e5 6. Ndb5 d6 7. Bg5 a6 8. Na3 b5 9. Nd5 Be7 10. Bxf6 Bxf6 11. c3 0-0 12. Nc2 Rb8 13. Be2 Bg5 14. 0-0 a5 15. a3 Ne7 16. Nce3 Be6 17. Qd3 Nxd5 18. Nxd5 Qd7 19. Rfd1 Kh8 20. Qg3 Bd8 21. h3 g6 22. Qd3 f5 23. Bf3 Qf7 24. Qe2 Bh4 25. Rd2 Bg5 26. Rd3 Bh4 27. Rf1 Bd8 28. b4 axb4 29. cxb4 Bg5 30. Rfd1 Rfc8 31. Ne3 Be7 32. exf5 gxf5 33. Bd5 Rg8 34. Bxe6 Qxe6 35. Rd5 f4 36. Ng4 Rg5 37. Kh1 Rbg8 38. Rxb5 h5 39. Nh2 Qg6 40. Qf3 Rxg2 41. Ng4 Rxg4 42. hxg4 hxg4 43. Qg2 Kg7 44. Qb7 Kf6 45. Rb6 Qh7+ 46. Kg1 Rh8 47. Rbxd6+ Bxd6 48. Rxd6+ Kf5 49. Qxh7+ Rxh7 50. b5 Rc7 51. Rd1 Rc3 52. Ra1 Rb3 53. a4 Rb4 54. Kg2 Rb2 1/2-1/2

[Event "Olympiad-36"]
[Site "Mallorca"]
[Date "2004.10.25"]
[Round "10"]
[White "Kawuma, Steven Male"]
[Black "Matthews, Shane"]
[Result "0-1"]
[WhiteElo "2141"]
[BlackElo "2251"]
[PlyCount "122"]
[EventDate "2004.10.15"]
[EventType "team-swiss"]
[EventRounds "14"]
[EventCountry "ESP"]
[SourceTitle "CBM 104"]
[Source "ChessBase"]
[SourceDate "2005.01.27"]
[SourceVersion "1"]
[SourceVersionDate "2005.01.27"]
[SourceQuality "1"]
[WhiteTeam "Uganda"]
[BlackTeam "Jamaica"]
[WhiteTeamCountry "UGA"]
[BlackTeamCountry "JAM"]

1. e4 c5 2. Nf3 e6 3. d4 cxd4 4. Nxd4 a6 5. Nc3 b5 6. a3 Bb7 7. g3 d6 8. Bg2 Nd7 9. 0-0 Ngf6 10. f4 Rc8 11. Be3 Qc7 12. Qe2 Be7 13. Rae1 0-0 14. Kh1 Rfd8 15. Bg1 Qc4 16. Qf2 Nc5 17. h3 d5 18. e5 Nfe4 19. Nxe4 Nxe4 20. Qe3 a5 21. h4 b4 22. axb4 axb4 23. f5 Bc5 24. fxe6 fxe6 25. Rd1 Bxd4 26. Rxd4 Qxc2 27. Rfd1 Rf8 28. Bh3 Rce8 29. Bg2 Nf2+ 30. Bxf2 Rxf2 31. R1d2 Rxd2 32. Rxd2 Qc1+ 33. Kh2 Rf8 34. Qd4 b3 35. Bh3 Bc8 36. Bg2 h6 37. Re2 Ba6 38. Rd2 Bf1 39. Bh1 Qb1 40. Qb6 Qf5 41. Qe3 Qh3+ 42. Kg1 Bc4 43. Bg2 Qf5 44. Qd4 Qg6 45. Kh2 Bf1 46. Bh1 Qf5 47. Qe3 Bc4 48. Bg2 Kh8 49. Kg1 Qb1+ 50. Kh2 Qc1 51. Qd4 Rf5 52. Rd1 Qc2 53. Rd2 Qb1 54. Bh3 Rf3 55. Bg2 Rd3 56. Rxd3 Bxd3 57. Qc5 Qxb2 58. Qc8+ Kh7 59. Qxe6 Be4 60. Kh3 Bxg2+ 61. Kh2 Bf3+ 0-1

[Event "Olympiad-36"]
[Site "Mallorca"]
[Date "2004.10.23"]
[Round "8"]
[White "Kawuma, Steven Male"]
[Black "Maduro, Sherman"]
[Result "1-0"]
[WhiteElo "2141"]
[BlackElo "2116"]
[PlyCount "93"]
[EventDate "2004.10.15"]
[EventType "team-swiss"]
[EventRounds "14"]
[EventCountry "ESP"]
[SourceTitle "CBM 104"]
[Source "ChessBase"]
[SourceDate "2005.01.27"]
[SourceVersion "1"]
[SourceVersionDate "2005.01.27"]
[SourceQuality "1"]
[WhiteTeam "Uganda"]
[BlackTeam "Netherlands Antilles"]
[WhiteTeamCountry "UGA"]
[BlackTeamCountry "AHO"]

1. e4 e5 2. Nf3 Nc6 3. Bb5 a6 4. Ba4 Nf6 5. d3 b5 6. Bb3 Be7 7. c3 0-0 8. Nbd2 d6 9. Qe2 Na5 10. Bc2 Re8 11. 0-0 h6 12. Rd1 c5 13. Nf1 Bf8 14. Ng3 g6 15. d4 cxd4 16. cxd4 Qc7 17. d5 Bd7 18. Bd3 Nb7 19. Bd2 Rec8 20. b4 Qd8 21. h3 Bg7 22. Be3 Qe7 23. a4 Qe8 24. Rdc1 Kh7 25. Rxc8 Rxc8 26. axb5 Bxb5 27. Bxb5 axb5 28. Ra7 Rb8 29. Qc2 Rc8 30. Qa2 Rc7 31. Qa6 Qc8 32. Qxb5 Nd8 33. Rxc7 Qxc7 34. Qa5 Qc8 35. Qb6 Bf8 36. Kh2 Nd7 37. Qa7 Qb7 38. Qa5 Qc8 39. Nd2 Be7 40. Qb5 Qb7 41. Qc4 Nb6 42. Qd3 Kg7 43. Nc4 Nxc4 44. Qxc4 Qd7 45. b5 Nb7 46. Qc6 Nc5 47. Bxc5 1-0